=LDR 00000nam 2200000 4500 =001 INLIS000000000036853 =005 20130612142620 =008 ***********************************Ind** =035 ##$$a0010-061300000036853 =041 ##$$a Ind =082 ##$$a 904.059 8 =090 ##$$a 904.059 8, ben b =245 ##$$a Bencana mengancam indonesia, editor, Irwan Suhanda =260 ##$$a 2011 $b Jakarta =300 ##$$a xiii, 249 hlm, ilus, 24 cm =650 ##$$a Bencana Indonesia =700 ##$$a Suhanda, Irwn =850 ##$$a NBPNMAT =990 ##$$a 21400613/BPAP-NTB/20142014 =990 ##$$a 0001/BPAP-NTB/20142014